<?xml version="1.0" encoding="UTF-8"?>
<record
    xmlns:xsi="http://www.w3.org/2001/XMLSchema-instance"
    xsi:schemaLocation="http://www.loc.gov/MARC21/slim http://www.loc.gov/standards/marcxml/schema/MARC21slim.xsd"
    xmlns="http://www.loc.gov/MARC21/slim">

  <leader>02621    a2200337   4500</leader>
  <controlfield tag="003">NALT</controlfield>
  <controlfield tag="005">20250829142256.0</controlfield>
  <controlfield tag="008">250612b        th ||||| |||| 00| 0 tha d</controlfield>
  <datafield tag="020" ind1=" " ind2=" ">
    <subfield code="a">9786165362221</subfield>
  </datafield>
  <datafield tag="040" ind1=" " ind2=" ">
    <subfield code="a">NALT</subfield>
  </datafield>
  <datafield tag="050" ind1=" " ind2=" ">
    <subfield code="a">Q 335</subfield>
    <subfield code="b">&#xE2D;356&#xE2D; 2567</subfield>
  </datafield>
  <datafield tag="100" ind1="0" ind2=" ">
    <subfield code="a">&#xE2D;&#xE23;&#xE23;&#xE16;&#xE1E;&#xE23; &#xE08;&#xE07;&#xE23;&#xE31;&#xE01;&#xE28;&#xE31;&#xE01;&#xE14;&#xE34;&#xE4C;.</subfield>
    <subfield code="9">66062</subfield>
  </datafield>
  <datafield tag="245" ind1="1" ind2="0">
    <subfield code="a">AI &#xE40;&#xE1B;&#xE25;&#xE35;&#xE48;&#xE22;&#xE19;&#xE04;&#xE19; : &#xE04;&#xE19;&#xE40;&#xE1B;&#xE25;&#xE35;&#xE48;&#xE22;&#xE19;&#xE42;&#xE25;&#xE01; =</subfield>
    <subfield code="b">The great transformer / </subfield>
    <subfield code="c">&#xE2D;&#xE23;&#xE23;&#xE16;&#xE1E;&#xE23; &#xE08;&#xE07;&#xE23;&#xE31;&#xE01;&#xE28;&#xE31;&#xE01;&#xE14;&#xE34;&#xE4C;, &#xE01;&#xE24;&#xE14;&#xE32;&#xE01;&#xE23; &#xE04;&#xE40;&#xE0A;&#xE19;&#xE17;&#xE23;&#xE4C;&#xE0A;&#xE31;&#xE22;, &#xE2A;&#xE38;&#xE14;&#xE32;&#xE23;&#xE31;&#xE15;&#xE19;&#xE4C; &#xE2A;&#xE38;&#xE17;&#xE18;&#xE25;&#xE39;&#xE19; ; &#xE2A;&#xE38;&#xE27;&#xE34;&#xE0A;&#xE0A;&#xE32; &#xE40;&#xE1E;&#xE35;&#xE22;&#xE23;&#xE32;&#xE29;&#xE0E;&#xE23;&#xE4C; &#xE1A;&#xE23;&#xE23;&#xE13;&#xE32;&#xE18;&#xE34;&#xE01;&#xE32;&#xE23;.</subfield>
    <subfield code="n">  </subfield>
  </datafield>
  <datafield tag="246" ind1="1" ind2="8">
    <subfield code="a">The great transformer AI &#xE40;&#xE1B;&#xE25;&#xE35;&#xE48;&#xE22;&#xE19;&#xE04;&#xE19; : &#xE04;&#xE19;&#xE40;&#xE1B;&#xE25;&#xE35;&#xE48;&#xE22;&#xE19;&#xE42;&#xE25;&#xE01;.</subfield>
  </datafield>
  <datafield tag="250" ind1=" " ind2=" ">
    <subfield code="a">&#xE1E;&#xE34;&#xE21;&#xE1E;&#xE4C;&#xE04;&#xE23;&#xE31;&#xE49;&#xE07;&#xE41;&#xE23;&#xE01;.</subfield>
  </datafield>
  <datafield tag="260" ind1=" " ind2=" ">
    <subfield code="a">&#xE01;&#xE23;&#xE38;&#xE07;&#xE40;&#xE17;&#xE1E;&#xE2F; :</subfield>
    <subfield code="b">&#xE1A;&#xE49;&#xE32;&#xE19;&#xE1E;&#xE23;&#xE30;&#xE2D;&#xE32;&#xE17;&#xE34;&#xE15;&#xE22;&#xE4C;,</subfield>
    <subfield code="c">2567.</subfield>
  </datafield>
  <datafield tag="300" ind1=" " ind2=" ">
    <subfield code="a">318 &#xE2B;&#xE19;&#xE49;&#xE32; :</subfield>
    <subfield code="b">&#xE20;&#xE32;&#xE1E;&#xE1B;&#xE23;&#xE30;&#xE01;&#xE2D;&#xE1A;, &#xE15;&#xE32;&#xE23;&#xE32;&#xE07;, &#xE41;&#xE1C;&#xE19;&#xE20;&#xE39;&#xE21;&#xE34; ;</subfield>
    <subfield code="c">22 &#xE0B;&#xE21;.</subfield>
  </datafield>
  <datafield tag="505" ind1="2" ind2=" ">
    <subfield code="a">Part 1 --
&#xE08;&#xE32;&#xE01;&#xE1B;&#xE31;&#xE0D;&#xE0D;&#xE32;&#xE2A;&#xE39;&#xE48;&#xE1B;&#xE31;&#xE0D;&#xE0D;&#xE32;&#xE1B;&#xE23;&#xE30;&#xE14;&#xE34;&#xE29;&#xE10;&#xE4C; -- 
Open AI &#xE1C;&#xE39;&#xE49;&#xE2A;&#xE23;&#xE49;&#xE32;&#xE07;&#xE1E;&#xE34;&#xE19;&#xE2D;&#xE04;&#xE04;&#xE34;&#xE42;&#xE2D;&#xE41;&#xE2B;&#xE48;&#xE07; AI -- 
Google &#xE01;&#xE31;&#xE1A;&#xE01;&#xE32;&#xE23;&#xE15;&#xE2D;&#xE1A;&#xE42;&#xE15;&#xE49;&#xE01;&#xE25;&#xE31;&#xE1A; -- 
We have no moat &#xE40;&#xE01;&#xE21;&#xE19;&#xE35;&#xE49;&#xE42;&#xE2D;&#xE40;&#xE1E;&#xE19;&#xE0B;&#xE2D;&#xE23;&#xE4C;&#xE2A;&#xE2D;&#xE32;&#xE08;&#xE0A;&#xE19;&#xE30; -- 
Part 2 --
&#xE01;&#xE32;&#xE23;&#xE1C;&#xE2A;&#xE32;&#xE19; AI &#xE43;&#xE19;&#xE2D;&#xE07;&#xE04;&#xE4C;&#xE01;&#xE23; &#xE40;&#xE2A;&#xE49;&#xE19;&#xE17;&#xE32;&#xE07;&#xE2A;&#xE39;&#xE48;&#xE04;&#xE27;&#xE32;&#xE21;&#xE2A;&#xE33;&#xE40;&#xE23;&#xE47;&#xE08; -- 
&#xE02;&#xE49;&#xE2D;&#xE21;&#xE39;&#xE25;&#xE2B;&#xE31;&#xE27;&#xE43;&#xE08;&#xE2A;&#xE33;&#xE04;&#xE31;&#xE0D; -- 
AI &#xE40;&#xE1E;&#xE37;&#xE48;&#xE2D;&#xE01;&#xE32;&#xE23;&#xE15;&#xE31;&#xE14;&#xE2A;&#xE34;&#xE19;&#xE43;&#xE08; -- 
Part 3 --
&#xE40;&#xE21;&#xE37;&#xE48;&#xE2D;&#xE07;&#xE32;&#xE19;&#xE16;&#xE2D;&#xE14;&#xE23;&#xE39;&#xE1B; &#xE04;&#xE19;&#xE16;&#xE2D;&#xE14;&#xE43;&#xE08; -- 
&#xE04;&#xE39;&#xE48;&#xE23;&#xE31;&#xE01;&#xE40;&#xE2A;&#xE21;&#xE37;&#xE2D;&#xE19;-&#xE04;&#xE23;&#xE23;&#xE20;&#xE4C;&#xE40;&#xE17;&#xE35;&#xE22;&#xE21; &#xE41;&#xE25;&#xE30;&#xE0A;&#xE35;&#xE27;&#xE34;&#xE15;&#xE2B;&#xE25;&#xE31;&#xE07;&#xE04;&#xE27;&#xE32;&#xE21;&#xE15;&#xE32;&#xE22;.</subfield>
  </datafield>
  <datafield tag="650" ind1=" " ind2="4">
    <subfield code="a">&#xE1B;&#xE31;&#xE0D;&#xE0D;&#xE32;&#xE1B;&#xE23;&#xE30;&#xE14;&#xE34;&#xE29;&#xE10;&#xE4C;</subfield>
    <subfield code="9">30014</subfield>
  </datafield>
  <datafield tag="650" ind1=" " ind2="4">
    <subfield code="a">&#xE01;&#xE32;&#xE23;&#xE40;&#xE23;&#xE35;&#xE22;&#xE19;&#xE23;&#xE39;&#xE49;&#xE02;&#xE2D;&#xE07;&#xE40;&#xE04;&#xE23;&#xE37;&#xE48;&#xE2D;&#xE07;</subfield>
    <subfield code="9">46357</subfield>
  </datafield>
  <datafield tag="650" ind1=" " ind2="4">
    <subfield code="a">&#xE40;&#xE17;&#xE04;&#xE42;&#xE19;&#xE42;&#xE25;&#xE22;&#xE35;&#xE40;&#xE1B;&#xE25;&#xE35;&#xE48;&#xE22;&#xE19;&#xE42;&#xE25;&#xE01;</subfield>
    <subfield code="9">63428</subfield>
  </datafield>
  <datafield tag="650" ind1=" " ind2="4">
    <subfield code="a">&#xE19;&#xE27;&#xE31;&#xE15;&#xE01;&#xE23;&#xE23;&#xE21;&#xE17;&#xE32;&#xE07;&#xE40;&#xE17;&#xE04;&#xE42;&#xE19;&#xE42;&#xE25;&#xE22;&#xE35;</subfield>
    <subfield code="9">10581</subfield>
  </datafield>
  <datafield tag="700" ind1="0" ind2=" ">
    <subfield code="a">&#xE01;&#xE24;&#xE14;&#xE32;&#xE01;&#xE23; &#xE04;&#xE40;&#xE0A;&#xE19;&#xE17;&#xE23;&#xE4C;&#xE0A;&#xE31;&#xE22;.</subfield>
    <subfield code="9">66338</subfield>
  </datafield>
  <datafield tag="700" ind1="0" ind2=" ">
    <subfield code="a">&#xE2A;&#xE38;&#xE14;&#xE32;&#xE23;&#xE31;&#xE15;&#xE19;&#xE4C; &#xE2A;&#xE38;&#xE17;&#xE18;&#xE25;&#xE39;&#xE19;.</subfield>
    <subfield code="9">66339</subfield>
  </datafield>
  <datafield tag="700" ind1="0" ind2=" ">
    <subfield code="a">&#xE2A;&#xE38;&#xE27;&#xE34;&#xE0A;&#xE0A;&#xE32; &#xE40;&#xE1E;&#xE35;&#xE22;&#xE23;&#xE32;&#xE29;&#xE0E;&#xE23;&#xE4C;.</subfield>
    <subfield code="9">29266</subfield>
  </datafield>
  <datafield tag="942" ind1=" " ind2=" ">
    <subfield code="c">GB</subfield>
    <subfield code="2">lcc</subfield>
  </datafield>
  <datafield tag="996" ind1=" " ind2=" ">
    <subfield code="a">jidapa.t</subfield>
    <subfield code="b">ACQSTF</subfield>
    <subfield code="c">2025-06-12</subfield>
  </datafield>
  <datafield tag="996" ind1=" " ind2=" ">
    <subfield code="a">varee.k</subfield>
    <subfield code="b">LIBSTF</subfield>
    <subfield code="c">2025-06-30</subfield>
  </datafield>
  <datafield tag="996" ind1=" " ind2=" ">
    <subfield code="a">jamriang.p</subfield>
    <subfield code="b">CATSTF	</subfield>
    <subfield code="c">2025-07-22</subfield>
  </datafield>
  <datafield tag="999" ind1=" " ind2=" ">
    <subfield code="c">106820</subfield>
    <subfield code="d">106820</subfield>
  </datafield>
  <datafield tag="998" ind1=" " ind2=" ">
    <subfield code="j">8</subfield>
    <subfield code="k"> &#xE19;&#xE32;&#xE22;&#xE1A;&#xE31;&#xE13;&#xE11;&#xE34;&#xE15;  &#xE2D;&#xE38;&#xE17;&#xE32;&#xE27;&#xE07;&#xE04;&#xE4C;</subfield>
  </datafield>
  <datafield tag="952" ind1=" " ind2=" ">
    <subfield code="0">0</subfield>
    <subfield code="1">0</subfield>
    <subfield code="2">lcc</subfield>
    <subfield code="4">0</subfield>
    <subfield code="7">0</subfield>
    <subfield code="8">CGBL</subfield>
    <subfield code="a">NALT</subfield>
    <subfield code="b">NALT</subfield>
    <subfield code="c">GEN</subfield>
    <subfield code="d">2025-06-05</subfield>
    <subfield code="e">192</subfield>
    <subfield code="l">1</subfield>
    <subfield code="m">1</subfield>
    <subfield code="o">Q 335 &#xE2D;356&#xE2D; 2567</subfield>
    <subfield code="p">3961215358</subfield>
    <subfield code="r">2025-09-10 00:00:00</subfield>
    <subfield code="s">2025-08-29</subfield>
    <subfield code="w">2025-06-05</subfield>
    <subfield code="y">GB</subfield>
  </datafield>
</record>
